000 00316nam a2200133 i 4500
001 bg
100 1 _aLORIN, Guy
245 0 _aLa phosphatation des metaux :
_bLa constitution /
_cGuy Lorin.
260 _aParis,
_c1973.
040 _cBPK
041 _apol
942 _cKS
008 s pl f |000 0 pol
999 _c27293
_d27293
856 _uhttp://koha.tu.koszalin.pl/cgi-bin/koha/opac-detail.pl?biblionumber=27293
_yKatalog online BPK